00335nam a2200085Ia 4500008004100000100001700041245009700058260008200155546001200237220512s9999 xx 000 0 eng d aTuteja, Usha 0aAssesment of Marketable and Marketed Surplus of Major Food-Grains in Haryana /cTuteja, Usha aDelhi :bAgricultural Economics Research Center University of Delhi,cJun-13 aEnglish